| 000 | 00908cam a2200229 4500 | ||
|---|---|---|---|
| 001 | ABS68306 | ||
| 008 | 041015n2004 000 0 eng u | ||
| 035 | _a(Sirsi) u127723 | ||
| 100 | _aFoyle, J. | ||
| 245 | _aAny old iron | ||
| 260 | _c2004 | ||
| 490 |
_aArchitects' Journal _v220(14) 14 October 2004, 38-40(3) |
||
| 520 | _aFourth in a series of articles on the history and conservation of building materials. Traces the use of iron in construction through the ages. Uses various famous examples of the use of iron, not just for strengthening. Highlights peak of its use in the period of the Industrial Revolution. (See also Abs67998, Abs68102 and Abs68202) | ||
| 590 | _aABS | ||
| 590 | _aABS | ||
| 650 | _aBUILDING MATERIALS | ||
| 650 | _aHISTORICAL BUILDINGS | ||
| 650 | _aBUILT ENVIRONMENT-BUILDING MATERIALS-METAL | ||
| 650 | _aIRON | ||
| 690 | _aBUILDING CONSERVATION | ||
| 942 | _n0 | ||
| 999 |
_c118174 _d118174 |
||